000 00657nam a2200193Ia 4500
003 GCL
008 140319s9999 xx 000 0 ara d
040 _aGCL /
_cGCL
082 0 4 _a946.03
_bع م
100 1 _aرمسيس عوض
245 1 0 _aمحاكم التفتيش في أسبانيا /
_cرمسيس عوض
260 _aالقاهرة :
_bمركز الدراسات والمعلومات القانونية ،
_c2002
300 _a260 ص ؛
_c24 سم
650 0 4 _aاسبانيا
650 0 4 _aاسبانيا - تاريخ
650 0 4 _aاسبانيا - تاريخ - العصر الحديث
650 0 4 _aمحاكم التفتيش
942 _2ddc
_cBK
999 _c6052
_d6052